Economic effects of cultural differences : A study success in theU. S. auto market
সংরক্ষণ করুন:
| প্রধান লেখক: | |
|---|---|
| বিন্যাস: | গ্রন্থ |
| ভাষা: | Undetermined |
| প্রকাশিত: |
London
University Microfilms International
1982
|
| বিষয়গুলি: | |
| ট্যাগগুলো: |
ট্যাগ যুক্ত করুন
কোনো ট্যাগ নেই, প্রথমজন হিসাবে ট্যাগ করুন!
|
| Thư viện lưu trữ: | Trung tâm Học liệu Trường Đại học Cần Thơ |
|---|
| LEADER | 00592nam a2200193Ia 4500 | ||
|---|---|---|---|
| 001 | CTU_98817 | ||
| 008 | 210402s9999 xx 000 0 und d | ||
| 082 | |a 338.47629 | ||
| 082 | |b F191 | ||
| 100 | |a Falkenberg, Andreas Wylle | ||
| 245 | 0 | |a Economic effects of cultural differences : | |
| 245 | 2 | |b A study success in theU. S. auto market | |
| 245 | 0 | |c Andreas Wylle Falkenberg | |
| 260 | |a London | ||
| 260 | |b University Microfilms International | ||
| 260 | |c 1982 | ||
| 650 | |a Automobile industry and trade | ||
| 904 | |i Truc | ||
| 980 | |a Trung tâm Học liệu Trường Đại học Cần Thơ | ||